Normal view MARC view

Entry Personal Name

Number of records used in: 1

001 - CONTROL NUMBER

  • control field: 1237869

003 - CONTROL NUMBER IDENTIFIER

  • control field: OSt

005 - DATE AND TIME OF LATEST TRANSACTION

  • control field: 20260430150550.0

008 - FIXED-LENGTH DATA ELEMENTS

  • fixed length control field: 260430|| aca||aabn | a|a d

040 ## - CATALOGING SOURCE

  • Original cataloging agency: OSt
  • Transcribing agency: OSt

100 ## - HEADING--PERSONAL NAME

  • Personal name: Rao Ankit Kumar Au.; Amarjeet Kaur Gu

670 ## - SOURCE DATA FOUND

  • Source citation: Work cat.: (OSt)1850090: Rao Ankit Kumar Au.; Amarjeet Kaur Gu., Study of Structurally Modified New Phosphorescent Emitters for Design and Development of Organic Light-Emitting Diodes, 2024
Copyright @ Delhi University Library System